Statistics for Countries Producing the Most Pepper (2012)

Click here to take the quiz!

General Stats

  • This quiz has been taken 493 times
  • The average score is 12 of 20

Answer Stats

Tonnes x 1000Country% Correct
31China
96%
54India
95%
43Brazil
88%
88Indonesia
88%
5Thailand
83%
152Vietnam
80%
26Malaysia
79%
3Mexico
79%
2Cambodia
71%
3Philippines
65%
25Sri Lanka
61%
1Niger
54%
3Ethiopia
42%
2Ecuador
37%
5Madagascar
33%
4Ghana
32%
2Uganda
28%
3Rwanda
20%
2Zimbabwe
20%
1Malawi
16%

Score Distribution

Percentile by Number Answered

Percent of People with Each Score

Your Score History

You have not taken this quiz